Quiz do Amapá - Statistics

Estatísticas Gerais
  • Esse quiz foi jogado 114 vezes
  • A pontuação média é 8 de 19
Estatísticas das Respostas
Dica Resposta % Correto
Capital Macapá
100%
Linha de latitude que corta o acima Linha do {Equador}
95%
Único estado fronteiriço Pará
86%
O Amapá faz parte deste bioma Amazônia
75%
Fora de Portugal, o Amapá teve uma grande influência deste país europeu França
72%
Mineral que corresponde a 90% das exportações do estado Ferro
55%
Segundo maior município Santana
43%
O acima também marca a foz deste rio Rio {Oiapoque}
42%
A parte oeste do estado faz parte deste planalto Planalto das {Guianas}
41%
Tipo de vegetação encontrada em áreas próximas ao litoral Manguezal
40%
Terceiro maior município Laranjal do Jari
32%
Prato típico do estado Açaí
26%
Fortaleza famosa São José de Macapá
26%
Governador atual Waldez Góes
23%
Península no extremo norte do estado Cabo {Orange}
15%
Manifestação folclórica Marabaixo
15%
Multi-instrumentista que compõe para a banda Pato Fu Fernanda Takai
13%
Maior ilha não-fluvial Ilha de {Maracá}
6%
Nome do Amapá quando foi um país não-reconhecido Cunani
4%
Nenhum quiz correspondente encontrado
Distribuição das Pontuações
Porcentagem de Pessoas com Cada Pontuação
Percentil de Números Respondidos
Sua Pontuação Histórica
Você não jogou esse quiz